Country Abbreviations - Statistics

General Stats
  • This quiz has been taken 16 times
  • The average score is 7 of 10
Answer Stats
Hint Answer % Correct
NZ New Zealand
100%
UK United Kingdom
100%
USA United States of America
100%
DRC Democratic Republic of the Congo
87%
DR Dominican Republic
67%
DPRK North Korea
67%
PNG Papua New Guinea
67%
FSM Micronesia
60%
ROK South Korea
53%
FYROM North Macedonia
47%
No matching quizzes found
Score Distribution
Percent of People with Each Score
Percentile by Number Answered
Your Score History
You have not taken this quiz